000 00305nam a2200121Ia 4500
008 190216s9999||||xx |||||||||||||| ||und||
100 _aTyagi D C
245 0 _aNuclear Physics Revised&Enlarged Edn.
260 _bHimalaya Publishing House
_c2013
300 _a783
650 _aNuclear Physics
942 _cBK
999 _c3564
_d3564